00587nam a2200169Ia 4500008004100000020001500041041001200056082001600068100001400084245007600098260002500174300000800199650002100207942000700228999001500235952016700250221030s9999 xx 000 0 und d a0070402027 aEnglish a105.23bRah aD. Rahmel 0aBuilding Web Database Application With Visual Studio 6 ( DEPARTMENTAL ) bTMHaNew Delhic2000 a660 aCSE Departmental cBK c6832d6832 pBE 2416g375.00l0o105.23 Rahr2024-06-13 00:00:00w2022-10-30yBK003Print4071aMIETLIBbMIETLIBcBL-Departmental, FL-1, CUP-54, SH-1, R-1d2001-01-2210HBE